[Event "Sao Sebastiao do Paraiso op"]
[Site "Sao Sebastiao do Paraiso"]
[Date "2016.10.21"]
[Round "1"]
[White "Menezes, Jose Eduardo Carnei"]
[Black "Dos Anjos, Dialison Alves"]
[Result "1-0"]
[WhiteElo "1918"]
[BlackElo "1800"]
[PlyCount "77"]
[EventDate "2016.10.21"]
[EventType "swiss"]
[EventRounds "5"]
[EventCountry "BRA"]
[SourceTitle "CBM 175 Extra"]
[Source "ChessBase"]
[SourceDate "2016.12.12"]
[SourceVersion "1"]
[SourceVersionDate "2016.12.12"]
[SourceQuality "1"]

1. e4 c5 2. d4 cxd4 3. c3 dxc3 4. Nxc3 Nc6 5. Bc4 g6 6. Nf3 Bg7 7. 0-0 d6 8. Be3 Bg4 9. Bxf7+ Kxf7 10. Ng5+ Ke8 11. Qxg4 Nf6 12. Qe2 Qa5 13. Ne6 Bf8 14. Rfd1 Rc8 15. h3 Qe5 16. Ng5 Bh6 17. f4 Qa5 18. Nf3 Bg7 19. a3 Qc7 20. Rac1 a6 21. Qf2 Kf7 22. Ng5+ Kg8 23. Nd5 Qd8 24. Bb6 Qd7 25. Nc3 h6 26. Nf3 Kh7 27. g4 Nxg4 28. hxg4 Qxg4+ 29. Kf1 Qxf4 30. Be3 Qf7 31. Kg2 Qc4 32. Qh4 Kg8 33. Qg4 Rf8 34. Rf1 g5 35. Nd5 Qe2+ 36. Rf2 Qb5 37. Qe6+ Kh7 38. Nxg5+ hxg5 39. Rh1+ 1-0